| 000 | 00890pam a2200265 a 4500 | ||
|---|---|---|---|
| 999 |
_c10469 _d10469 |
||
| 001 | 3958957 | ||
| 003 | OSt | ||
| 005 | 20210224150440.0 | ||
| 008 | 940217s1994 oru b 001 0 eng | ||
| 010 | _a 94006870 | ||
| 020 |
_a1565071824 (pbk.) : _c$8.99 |
||
| 040 |
_aDLC _cDLC _dDLC |
||
| 050 | 0 | 0 |
_aBS680.H4 _bM469P |
| 082 | 0 | 0 |
_a234/.13 _220 _bM469P |
| 100 | 1 | _aMayhue, Richard. | |
| 245 | 1 | 4 |
_aThe healing promise / _cRichard Mayhue. |
| 260 |
_aEugene, Or. : _bHarvest House Publishers, _cc1994. |
||
| 300 |
_a288 p. ; _c20 cm. |
||
| 504 | _aIncludes bibliographical references (p. 267-282) and index. | ||
| 650 | 0 |
_aSpiritual healing _xBiblical teaching. |
|
| 650 | 0 | _aHealing in the Bible. | |
| 906 |
_a7 _bcbc _corignew _d1 _eocip _f19 _gy-gencatlg |
||
| 942 |
_2ddc _cBK |
||